[Event "DVM u16 2005"]
[Site "Berlin"]
[Date "2005.12.29"]
[Round "5.4"]
[White "Strathoff, Jens"]
[Black "Hummel, Florian"]
[Result "1-0"]
[WhiteElo "1838"]
[BlackElo "1489"]
[PlyCount "97"]
[EventDate "1905.??.??"]

1. e4 c5 2. c4 Nc6 3. Ne2 g6 4. d4 cxd4 5. Nxd4 Bg7 6. Be3 Nf6 7. Nc3 d6 8. Be2
O-O 9. O-O Bd7 10. Rc1 a6 11. Qd2 Rc8 12. b3 Nxd4 13. Bxd4 Bc6 14. Bf3 Qa5 15.
Rfd1 Qc7 16. g3 Rcd8 17. Bg2 Ng4 18. Bxg7 Kxg7 19. h3 Nf6 20. Qd4 Kg8 21. Qe3
Nd7 22. Rd2 Qb6 23. Qxb6 Nxb6 24. Rcd1 Rc8 25. Ne2 f5 26. exf5 Bxg2 27. Kxg2
Rxf5 28. Nd4 Rf6 29. Re1 Kf7 30. Rde2 e5 31. Nf3 Ke7 32. Ng5 h6 33. Ne4 Re6 34.
Rd1 Rd8 35. Red2 Nc8 36. Nc5 Rf6 37. Nxb7 Rdf8 38. Na5 Na7 39. c5 Kd7 40. Rxd6+
Kc7 41. Rxf6 Rxf6 42. Nc4 Nc6 43. Rd6 Rxd6 44. cxd6+ Kd7 45. Kf3 Ke6 46. Ke4 g5
47. d7 h5 48. Nxe5 Nd8 49. b4 1-0

[Event "DVM u16 2005"]
[Site "Berlin"]
[Date "2005.12.29"]
[Round "5.2"]
[White "van Akkeren, Arno"]
[Black "Strathoff, Martin"]
[Result "1/2-1/2"]
[WhiteElo "1811"]
[BlackElo "1945"]
[PlyCount "38"]
[EventDate "1905.??.??"]

1. e4 c5 2. Nc3 Nc6 3. f4 g6 4. Nf3 Bg7 5. Bc4 e6 6. O-O Nge7 7. Qe1 O-O 8. d3
d5 9. Bb3 Rb8 10. Qh4 b5 11. f5 gxf5 12. exd5 exd5 13. a3 b4 14. axb4 Rxb4 15.
Qh5 Nd4 16. Ng5 h6 17. Nf3 Nxb3 18. cxb3 Qb6 19. Na4 Qc6 {(=)} 1/2-1/2

[Event "DVM u16 2005"]
[Site "Berlin"]
[Date "2005.12.29"]
[Round "5.3"]
[White "Tkachuk, Konstantyn"]
[Black "Kleinschmidt, Rene"]
[Result "1/2-1/2"]
[WhiteElo "1955"]
[BlackElo "1599"]
[PlyCount "75"]
[EventDate "1905.??.??"]

1. e4 c5 2. Nf3 Nc6 3. d4 cxd4 4. Nxd4 g6 5. Nxc6 bxc6 6. Qd4 Nf6 7. e5 Nd5 8.
c4 Nb4 9. Qe4 Bg7 10. Bd2 Rb8 11. Na3 O-O 12. Bc3 d6 13. Be2 Bf5 14. Qe3 Qc7
15. exd6 exd6 16. O-O Rfe8 17. Qd2 Bxc3 18. bxc3 Na6 19. g4 Bd7 20. Rab1 Rxb1
21. Rxb1 Nc5 22. Bf3 f5 23. g5 Be6 24. Rd1 Rd8 25. Qf4 Qa5 26. Rxd6 Rxd6 27.
Qxd6 Qxa3 28. Qd8+ Kg7 29. Qf6+ Kg8 30. Qd8+ Kg7 31. Qe7+ Bf7 32. Bxc6 Qc1+ 33.
Kg2 Ne6 34. h4 Qd1 35. Be8 Qg4+ 36. Kf1 Qd1+ 37. Kg2 Qg4+ 38. Kf1 1/2-1/2

[Event "DVM u16 2005"]
[Site "Berlin"]
[Date "2005.12.29"]
[Round "5.4"]
[White "Sanning, Nico"]
[Black "Rohovoy, Dimitrij"]
[Result "1-0"]
[WhiteElo "1609"]
[BlackElo "1469"]
[PlyCount "63"]
[EventDate "1905.??.??"]

1. e4 c5 2. Nc3 a6 3. a4 d6 4. Bc4 e6 5. f4 Nf6 6. d3 Be7 7. Nf3 O-O 8. O-O Nc6
9. Qe1 d5 10. Bb3 Rb8 11. e5 Nd7 12. Qg3 Re8 13. f5 Bf8 14. f6 g6 15. Bf4 b5
16. axb5 axb5 17. Rae1 c4 18. Ba2 Qa5 19. Bb1 Ba6 20. d4 Rec8 21. Qh3 Qd8 22.
Bh6 Bxh6 23. Qxh6 Qf8 24. Qh3 b4 25. Nd1 Na5 26. Ng5 h5 27. Nxe6 Qe8 28. Ng7
Qd8 29. Nxh5 Nb6 30. Ng7 c3 31. Qh6 Qf8 32. Rf3 1-0

[Event "DVM u16 2005"]
[Site "Berlin"]
[Date "2005.12.29"]
[Round "5.1"]
[White "Koch, Friedrich"]
[Black "Hirneise, Tobias"]
[Result "0-1"]
[WhiteElo "1707"]
[BlackElo "2149"]
[PlyCount "50"]
[EventDate "1905.??.??"]

1. e4 c5 2. Nf3 e6 3. d4 cxd4 4. Nxd4 a6 5. Nc3 Qc7 6. Bd3 Nf6 7. f4 b5 8. e5
b4 9. Ncb5 axb5 10. exf6 gxf6 11. Nxb5 Qb6 12. Qe2 Bc5 13. f5 e5 14. Bg5 Ra5
15. c4 Rg8 16. Bh4 Bb7 17. Be4 d5 18. Bxd5 Bxd5 19. O-O-O Be3+ 20. Kb1 Be4+ 21.
Ka1 Rxg2 22. Bxf6 Rxe2 23. Nd6+ Kf8 24. Nxe4 Bd4 25. c5 Rxa2+ 0-1

[Event "DVM u16 2005"]
[Site "Berlin"]
[Date "2005.12.29"]
[Round "5.2"]
[White "Hirneise, Jens"]
[Black "Nötzel, Felix"]
[Result "1-0"]
[WhiteElo "1902"]
[BlackElo "1743"]
[PlyCount "77"]
[EventDate "1905.??.??"]

1. e4 d5 2. exd5 Qxd5 3. Nc3 Qa5 4. d4 c6 5. Bc4 Bf5 6. Bd2 e6 7. Qe2 Bb4 8. a3
Nf6 9. O-O-O Bxc3 10. Bxc3 Qc7 11. f3 Nbd7 12. g4 Bg6 13. Be1 Nb6 14. Bg3 Qd7
15. Bb3 Nfd5 16. Nh3 f6 17. Rhe1 Bf7 18. Nf2 O-O-O 19. Ne4 Nc7 20. Nd6+ Kb8 21.
Nxf7 Qxf7 22. Qxe6 Qxe6 23. Rxe6 Rhe8 24. c3 Kc8 25. Bxc7 Kxc7 26. Rde1 Rxe6
27. Rxe6 Nd5 28. Bxd5 cxd5 29. Re7+ Rd7 30. Rxd7+ Kxd7 31. b3 b5 32. Kd2 Ke6
33. Kd3 g5 34. c4 dxc4+ 35. bxc4 bxc4+ 36. Kxc4 Kd6 37. h3 a6 38. a4 Kc6 39. a5
1-0

[Event "DVM u16 2005"]
[Site "Berlin"]
[Date "2005.12.29"]
[Round "5.1"]
[White "Kanevski, Vladyslav"]
[Black "Gebhardt, Martin"]
[Result "1-0"]
[WhiteElo "1728"]
[BlackElo "1746"]
[PlyCount "101"]
[EventDate "1905.??.??"]

1. d4 e6 2. Nf3 Nf6 3. Bf4 b6 4. e3 Bb7 5. Bd3 d5 6. h3 Nbd7 7. Nbd2 Bd6 8. O-O
O-O 9. Qe2 Re8 10. Ne5 Bxe5 11. dxe5 Ne4 12. f3 Nxd2 13. Qxd2 Nc5 14. Bh2 Nxd3
15. cxd3 Ba6 16. Rad1 c5 17. Rf2 Rc8 18. e4 dxe4 19. dxe4 Qc7 20. Qe3 c4 21.
Rc2 Qc5 22. Kf2 Bb5 23. Qxc5 Rxc5 24. Ke3 Ba4 25. b3 cxb3 26. Rxc5 bxc5 27.
axb3 Bxb3 28. Ra1 Ra8 29. Ra6 c4 30. Kd2 h6 31. Bg1 Kh7 32. Bc5 Kg6 33. Be7 Kh7
34. f4 Rc8 35. Kc3 Rc7 36. Bd6 Rb7 37. Bc5 Bd1 38. Kd2 Bb3 39. Ra1 Rc7 40. Bd4
Kg8 41. Kc3 Kf8 42. Bxa7 Rd7 43. Bc5+ Kg8 44. Bd6 f6 45. Ra8+ Kf7 46. f5 g6 47.
Rf8+ Kg7 48. exf6+ Kh7 49. fxe6 Rxd6 50. e7 Ba4 51. f7 1-0

[Event "DVM u16 2005"]
[Site "Berlin"]
[Date "2005.12.29"]
[Round "5.2"]
[White "Nißler, Daniel"]
[Black "Steinbach, Ulrich"]
[Result "1-0"]
[WhiteElo "1771"]
[BlackElo "1673"]
[PlyCount "75"]
[EventDate "1905.??.??"]

1. e4 c5 2. Nc3 e6 3. g3 Nc6 4. Bg2 Nf6 5. d3 Be7 6. Nf3 d6 7. O-O O-O 8. Bg5
h6 9. Bd2 Rb8 10. Ne2 Qc7 11. c3 Rd8 12. Qc2 d5 13. e5 Nd7 14. d4 b5 15. a3 a5
16. b4 cxb4 17. cxb4 a4 18. h4 Nb6 19. g4 Nc4 20. Bf4 Bf8 21. g5 Ne7 22. gxh6
gxh6 23. Ng3 f5 24. Qc1 Kh7 25. Nh5 Ng8 26. Nf6+ Nxf6 27. exf6 Bd6 28. Bxh6 f4
29. Bg7 Bf8 30. Ng5+ Kg8 31. Bxf8 Kxf8 32. Qc2 Rb7 33. Qg6 Nd6 34. h5 e5 35.
dxe5 Nf5 36. e6 Rd6 37. Qxf5 d4 38. e7+ 1-0

[Event "DVM u16 2005"]
[Site "Berlin"]
[Date "2005.12.29"]
[Round "5.3"]
[White "Khorolinsky, Juliyan"]
[Black "Nißler, Robert"]
[Result "1-0"]
[WhiteElo "1677"]
[BlackElo "1401"]
[PlyCount "74"]
[EventDate "1905.??.??"]

1. e4 c5 2. Nf3 d6 3. d4 cxd4 4. Nxd4 Nf6 5. Nc3 a6 6. Be2 e5 7. Nb3 Be6 8. Bg5
Nbd7 9. O-O Be7 10. Qd3 O-O 11. Rad1 Qc7 12. Rd2 Rfe8 13. Rfd1 Rad8 14. Qe3 h6
15. Bxf6 Nxf6 16. Na4 Ng4 17. Qc3 Qxc3 18. Nxc3 Bxb3 19. axb3 Nf6 20. Bc4 Rd7
21. Bd5 Rc8 22. Ra1 Rdc7 23. f3 Bf8 24. Kf1 g5 25. Ke1 Kg7 26. Kd1 Nh5 27. g3
Nf6 28. b4 Nxd5 29. Nxd5 Rc6 30. c3 b5 31. Kc2 Kg6 32. Kd3 f5 33. g4 f4 34. Ra2
h5 35. h3 Rd8 36. Rd1 Rd7 37. gxh5+ Kxh5 1-0

[Event "DVM u16 2005"]
[Site "Berlin"]
[Date "2005.12.29"]
[Round "5.4"]
[White "Senf, Carsten"]
[Black "Musiol, Lukas"]
[Result "1-0"]
[WhiteElo "1531"]
[BlackElo "1498"]
[PlyCount "95"]
[EventDate "1905.??.??"]

1. e4 e6 2. d4 d5 3. Nc3 Bb4 4. e5 c5 5. a3 Bxc3+ 6. bxc3 Qc7 7. Qg4 Ne7 8.
Qxg7 Rg8 9. Qxh7 cxd4 10. Ne2 Nbc6 11. f4 Bd7 12. Qd3 dxc3 13. Qxc3 O-O-O 14.
h3 Nf5 15. g4 Ncd4 16. Qxc7+ Kxc7 17. Nxd4 Nxd4 18. Bd3 Bb5 19. Kd1 Kb8 20. Be3
Bxd3 21. cxd3 Nb5 22. Kd2 Rc8 23. a4 Nc7 24. Rac1 Na6 25. Rxc8+ Rxc8 26. Rc1
Rh8 27. Rh1 Rc8 28. h4 Nb4 29. Rc1 Rg8 30. g5 Rh8 31. Bf2 Nc6 32. Rh1 Rh5 33.
Bc5 Na5 34. Ke2 Nb3 35. Be3 b6 36. d4 Na5 37. Kf3 Nc4 38. Bc1 Kc7 39. Kg4 Rh8
40. h5 Kd7 41. f5 Ke7 42. fxe6 fxe6 43. Rf1 Rf8 44. Rxf8 Kxf8 45. g6 Na5 46. h6
Nc6 47. h7 Kg7 48. Bg5 1-0

[Event "DVM u16 2005"]
[Site "Berlin"]
[Date "2005.12.29"]
[Round "5.1"]
[White "Rosner, Jonas"]
[Black "Katte, Nicolas"]
[Result "0-1"]
[WhiteElo "1853"]
[BlackElo "1769"]
[PlyCount "70"]
[EventDate "1905.??.??"]

1. e4 e5 2. Nf3 Nf6 3. Nxe5 d6 4. Nf3 Nxe4 5. Nc3 Nxc3 6. dxc3 Be7 7. Be3 Bg4
8. Be2 Nd7 9. Qd2 c6 10. O-O-O Qa5 11. Kb1 O-O 12. h3 Be6 13. b3 Ne5 14. Nd4
Bd7 15. f4 Ng6 16. g4 Rfe8 17. Bd3 c5 18. Ne2 Bc6 19. Rhf1 Nh4 20. g5 b5 21.
Ng3 Bf8 22. Nh5 c4 23. bxc4 bxc4 24. Bxc4 Bf3 25. Rxf3 Nxf3 26. Qd3 Rab8+ 27.
Bb3 Rbc8 28. c4 d5 29. c5 Rc7 30. Bf2 Ne1 31. Qg3 Rb8 32. Bxe1 Qxc5 33. f5
Qxc2+ 34. Ka1 Qxd1+ 35. Kb2 Qc1# 0-1

[Event "DVM u16 2005"]
[Site "Berlin"]
[Date "2005.12.29"]
[Round "5.2"]
[White "Künitz, Michael"]
[Black "Weber, Raphael"]
[Result "1/2-1/2"]
[WhiteElo "1699"]
[BlackElo "1635"]
[PlyCount "120"]
[EventDate "1905.??.??"]

1. d4 Nf6 2. c4 c5 3. d5 e6 4. Nc3 exd5 5. cxd5 d6 6. e4 g6 7. Nf3 Bg7 8. Bb5+
Bd7 9. Bd3 Bg4 10. h3 Bxf3 11. Qxf3 O-O 12. O-O Nbd7 13. Bf4 Qe7 14. Qg3 Ne8
15. Bc2 Be5 16. Bxe5 Qxe5 17. Qe3 Nef6 18. Rfe1 Rfe8 19. Re2 Rad8 20. Rae1 Nb6
21. f4 Qe7 22. Qd3 Qd7 23. a4 Nc8 24. Bb3 Ne7 25. Qf3 Nh5 26. e5 Nf5 27. e6 Qe7
28. Nb5 a6 29. g4 Nh4 30. Qf2 axb5 31. gxh5 Nf5 32. hxg6 hxg6 33. axb5 Qf6 34.
Bc2 Nd4 35. exf7+ Kxf7 36. Rxe8 Rxe8 37. Rxe8 Kxe8 38. Bd3 Kf7 39. Qg3 Nf5 40.
Bxf5 Qxf5 41. Kh2 Qxd5 42. b3 Qd2+ 43. Kg1 d5 44. Qf3 Qd4+ 45. Kh2 c4 46. bxc4
Qxc4 47. b6 Kf6 48. Qe3 Qe4 49. Qxe4 dxe4 50. Kg2 Kf5 51. Kg3 e3 52. Kf3 e2 53.
Kxe2 Kxf4 54. Kf2 g5 55. Kg2 Kf5 56. Kf3 Kf6 57. Kg3 Kf5 58. Kf3 Kf6 59. Kg3
Kf5 60. Kf3 Kf6 1/2-1/2

[Event "DVM u16 2005"]
[Site "Berlin"]
[Date "2005.12.29"]
[Round "5.3"]
[White "Volz, Daniel"]
[Black "Welke, Vincent"]
[Result "1-0"]
[WhiteElo "1428"]
[BlackElo "1437"]
[PlyCount "42"]
[EventDate "1905.??.??"]

1. d4 Nf6 2. c4 g6 3. Nc3 Bg7 4. Nf3 O-O 5. e4 d6 6. Bd3 e5 7. d5 a5 8. O-O Na6
9. Be3 Nc5 10. Bc2 h6 11. h3 Ne8 12. Nd2 f5 13. f3 f4 14. Bf2 Qg5 15. Kh2 Qh5
16. a3 g5 17. b4 Nd7 18. c5 Ndf6 19. Kg1 Qg6 20. Nc4 h5 21. cxd6 cxd6 1-0

[Event "DVM u16 2005"]
[Site "Berlin"]
[Date "2005.12.29"]
[Round "5.1"]
[White "Eibl, Maximilian"]
[Black "Lorenz, Nicole"]
[Result "1/2-1/2"]
[WhiteElo "1849"]
[BlackElo "1609"]
[PlyCount "119"]
[EventDate "1905.??.??"]

1. e4 c5 2. Nf3 Nc6 3. d4 cxd4 4. Nxd4 Nf6 5. Nc3 d6 6. Be3 e5 7. Nb3 Be6 8.
Be2 d5 9. exd5 Nxd5 10. Nxd5 Qxd5 11. O-O O-O-O 12. Bf3 e4 13. Qxd5 Bxd5 14.
Bg4+ Kc7 15. Rad1 g6 16. Nd4 f5 17. Nxc6 Bxc6 18. Rxd8 Kxd8 19. Bd4 Rg8 20. Be2
Bd6 21. Bxa7 Kc7 22. Bd4 Ra8 23. a3 Re8 24. Bc4 Be5 25. Rd1 Bxd4 26. Rxd4 Ra8
27. Bd5 Rd8 28. c4 b5 29. b3 bxc4 30. bxc4 Ra8 31. Kf1 Bxd5 32. cxd5 Rxa3 33.
d6+ Kd7 34. Rb4 Ra7 35. Rb6 Ke6 36. Ke2 Rd7 37. Ke3 Rxd6 38. Rb7 Rd7 39. Rb6+
Rd6 40. Rb7 Rd7 41. Rb6+ Ke5 42. Rb5+ Rd5 43. Rb7 h5 44. h4 f4+ 45. Ke2 Kf5 46.
Rb6 Re5 47. g3 fxg3 48. fxg3 g5 49. hxg5 Kxg5 50. Ke3 Kg4 51. Rg6+ Rg5 52. Ra6
Kxg3 53. Kxe4 h4 54. Ra3+ Kh2 55. Kf4 Rg3 56. Ra1 h3 57. Ra2+ Rg2 58. Ra1 Rg1
59. Ra2+ Kh1 60. Kf3 1/2-1/2

[Event "DVM u16 2005"]
[Site "Berlin"]
[Date "2005.12.29"]
[Round "5.2"]
[White "Schäfer, Erik"]
[Black "Grafl, Pascal"]
[Result "0-1"]
[WhiteElo "1770"]
[BlackElo "1650"]
[PlyCount "137"]
[EventDate "1905.??.??"]

1. e4 Nf6 2. e5 Nd5 3. c4 Nb6 4. d4 d6 5. f4 dxe5 6. fxe5 Nc6 7. Be3 Bf5 8. Nc3
e6 9. Nf3 Bg4 10. c5 Nd5 11. Nxd5 Qxd5 12. Be2 O-O-O 13. O-O Qe4 14. Qb3 Nxd4
15. Nxd4 Rxd4 16. Rf4 Qxf4 17. Bxf4 Bxe2 18. Rc1 Rd5 19. c6 b6 20. Re1 Bc5+ 21.
Kh1 Rhd8 22. Qc2 Bd3 23. Qb3 Be2 24. Qc2 Bd3 25. Qb3 Bf2 26. Bg5 Bxe1 27. Bxd8
Rxd8 28. h3 a6 29. Kh2 Bf2 30. Qb4 Bc5 31. Qg4 Bf8 32. Qf4 Bb5 33. Qe4 h6 34.
a4 Bd3 35. Qf4 b5 36. Qxf7 Bc4 37. axb5 axb5 38. Qf2 Bd5 39. Qc2 Kb8 40. Qc3 b4
41. Qc2 Ka7 42. Qd3 Kb6 43. Kg3 Kxc6 44. Qa6+ Kd7 45. Qb5+ Bc6 46. Qd3+ Ke7 47.
Qc4 Kd7 48. Qd3+ Kc8 49. Qg6 Kd7 50. Qd3+ Ke8 51. Qc4 Bd5 52. Qxc7 Rd7 53. Qb8+
Rd8 54. Qc7 Be7 55. Qc2 Kf7 56. Qc7 Ra8 57. Qc2 b3 58. Qf2+ Kg8 59. Kh2 Ra4 60.
Qe3 Re4 61. Qa7 Bg5 62. Qb8+ Kh7 63. Qe8 Re2 64. h4 Bxh4 65. Kh3 Bg5 66. Kg4
Rxg2+ 67. Kh3 Rxb2 68. Kg4 Rg2+ 69. Kh5 0-1

[Event "DVM u16 2005"]
[Site "Berlin"]
[Date "2005.12.29"]
[Round "5.3"]
[White "Bräutigam, Markus"]
[Black "Marsel, Patrick"]
[Result "0-1"]
[WhiteElo "1683"]
[BlackElo "1563"]
[PlyCount "88"]
[EventDate "1905.??.??"]

1. c4 Nf6 2. Nc3 c5 3. g3 Nc6 4. Bg2 g6 5. e3 e6 6. Nge2 Bg7 7. O-O O-O 8. b3
d5 9. d4 cxd4 10. exd4 Ne4 11. Nxe4 dxe4 12. Bxe4 Nxd4 13. Rb1 f5 14. Bg2 Nxe2+
15. Qxe2 Qe7 16. Rd1 e5 17. Bd5+ Be6 18. Bb2 Bxd5 19. Rxd5 Rae8 20. Rbd1 Rf7
21. Qd2 e4 22. Bxg7 Kxg7 23. Rd7 Qe5 24. Rd5 Qf6 25. Rd6 Qe5 26. Rd7 Ree7 27.
Rxe7 Rxe7 28. Qd4 Qxd4 29. Rxd4 g5 30. b4 h6 31. a4 f4 32. gxf4 gxf4 33. Kf1
Kf6 34. f3 Kf5 35. Rd5+ Re5 36. Rxe5+ Kxe5 37. fxe4 Kxe4 38. Ke2 Kd4 39. c5 Kc4
40. b5 Kxc5 41. Kf3 Kb4 42. Kxf4 Kxa4 43. Kf5 Kxb5 44. Kg6 a5 0-1

[Event "DVM u16 2005"]
[Site "Berlin"]
[Date "2005.12.29"]
[Round "5.4"]
[White "Förschner, Lucas"]
[Black "Pokorny, Fabian"]
[Result "1/2-1/2"]
[WhiteElo "1583"]
[BlackElo "1442"]
[PlyCount "152"]
[EventDate "1905.??.??"]

1. e4 c5 2. Nf3 d6 3. d4 cxd4 4. Nxd4 Nf6 5. Nc3 g6 6. Be3 Bg7 7. Be2 O-O 8.
O-O Nc6 9. Kh1 a6 10. h3 Nxd4 11. Bxd4 e5 12. Be3 Be6 13. Bf3 b5 14. a3 Rb8 15.
Qd2 Kh8 16. Rfd1 Ne8 17. Bc5 f5 18. Bxd6 Nxd6 19. Qxd6 Qxd6 20. Rxd6 fxe4 21.
Bxe4 Bc4 22. f3 Rf6 23. Rxf6 Bxf6 24. Rd1 Rd8 25. Bd5 Bxd5 26. Rxd5 Rxd5 27.
Nxd5 Bg5 28. Nc7 Bc1 29. b3 Bxa3 30. Nxa6 Bd6 31. Kg1 Kg7 32. Kf2 Kf6 33. c3
Ke6 34. Nb4 Bxb4 35. cxb4 Kd5 36. Ke3 h6 37. g3 Ke6 38. Ke4 Kd6 39. h4 Ke6 40.
g4 Kd6 41. f4 exf4 42. Kxf4 Kd5 43. h5 Ke6 44. hxg6 Kf6 45. g7 Kxg7 46. Kf5 Kf7
47. Ke5 Kg6 48. Kd5 Kg5 49. Kc5 Kxg4 50. Kxb5 h5 51. Ka6 h4 52. b5 h3 53. b6 h2
54. b7 h1=Q 55. b8=Q Qa1+ 56. Kb5 Qf1+ 57. Kc6 Qf3+ 58. Kd7 Qf7+ 59. Kc6 Qe6+
60. Kc7 Qf7+ 61. Kc6 Qe6+ 62. Kc5 Qf5+ 63. Kc4 Qe4+ 64. Kc3 Qe3+ 65. Kc4 Qe4+
66. Kc5 Qf5+ 67. Kc6 Qe6+ 68. Kc5 Qf5+ 69. Kd4 Qf6+ 70. Ke3 Qf3+ 71. Kd2 Qf2+
72. Kc1 Qe1+ 73. Kb2 Qd2+ 74. Kb1 Qd1+ 75. Ka2 Qd2+ 76. Ka3 Qa5+ 1/2-1/2

[Event "DVM u16 2005"]
[Site "Berlin"]
[Date "2005.12.29"]
[Round "5.1"]
[White "Gadschisade, Machmud"]
[Black "Berwanger, Tobias"]
[Result "1-0"]
[WhiteElo "1856"]
[BlackElo "1594"]
[PlyCount "51"]
[EventDate "1905.??.??"]

1. c4 c5 2. Nc3 Nc6 3. g3 g6 4. Bg2 Bg7 5. e3 d6 6. Nge2 Nf6 7. d4 cxd4 8. exd4
O-O 9. O-O Bd7 10. b3 Qc8 11. Re1 Bf5 12. a3 a6 13. Bb2 Qc7 14. Nf4 Rfe8 15.
Rc1 Rad8 16. b4 Qd7 17. Ncd5 Nxd5 18. Nxd5 e5 19. dxe5 Nxe5 20. Qd2 Re6 21. Kh1
Rde8 22. Qd4 f6 23. Nb6 Nc6 24. Bd5 Nxd4 25. Nxd7 Be4+ 26. Rxe4 1-0

[Event "DVM u16 2005"]
[Site "Berlin"]
[Date "2005.12.29"]
[Round "5.2"]
[White "Straßer, Manuel"]
[Black "Liwerant, Igor"]
[Result "0-1"]
[WhiteElo "1485"]
[BlackElo "1466"]
[PlyCount "68"]
[EventDate "1905.??.??"]

1. c4 e5 2. Nc3 Nc6 3. g3 Bc5 4. Bg2 Nf6 5. d3 d6 6. Nf3 Be6 7. Bd2 Qd7 8. O-O
h6 9. a3 Bh3 10. Re1 Bxg2 11. Kxg2 g5 12. b4 Bd4 13. Nxd4 Nxd4 14. e3 Nc6 15.
Qf3 Qe6 16. Ne4 Nxe4 17. Qxe4 f5 18. Qf3 h5 19. b5 e4 20. dxe4 fxe4 21. Qe2 Ne7
22. Bc3 Rh7 23. Rad1 h4 24. Rh1 O-O-O 25. h3 hxg3 26. fxg3 Rf8 27. Rdf1 Rxf1
28. Qxf1 Rf7 29. Qe2 Rf3 30. Rf1 Kd7 31. g4 Qf7 32. a4 Ng6 33. Rxf3 exf3+ 34.
Qxf3 Nh4+ 0-1

[Event "DVM u16 2005"]
[Site "Berlin"]
[Date "2005.12.29"]
[Round "5.3"]
[White "Krause, Fabian"]
[Black "Krmpotic, Manuel"]
[Result "0-1"]
[WhiteElo "1497"]
[BlackElo "1476"]
[PlyCount "99"]
[EventDate "1905.??.??"]

1. d4 e6 2. Nf3 Nf6 3. Bg5 d5 4. e3 Nbd7 5. c4 c6 6. Nc3 Bb4 7. Qc2 Qa5 8. a3
Ne4 9. Rc1 Bxc3+ 10. bxc3 Nxg5 11. Nxg5 h6 12. Nf3 Qxa3 13. cxd5 cxd5 14. Bd3
O-O 15. O-O b6 16. Ra1 Qd6 17. c4 dxc4 18. Qxc4 Bb7 19. Nd2 Bd5 20. Qb5 Rfc8
21. Ne4 Qc6 22. Qxc6 Rxc6 23. Ng3 Rc7 24. e4 Bb7 25. Rfc1 Rxc1+ 26. Rxc1 Rc8
27. Rxc8+ Bxc8 28. Bb5 Nf6 29. e5 Nd5 30. Ne4 a6 31. Bc6 Nb4 32. Be8 Kf8 33.
Nd6 b5 34. Bxf7 Ke7 35. Bg6 Bd7 36. Be4 Bc6 37. Bg6 a5 38. Kf1 Nd5 39. Be4 Nb4
40. Bxc6 Nxc6 41. Nxb5 Kd7 42. Ke2 Nb4 43. Kd2 Kc6 44. Na3 Kd5 45. Ke3 Nc6 46.
Nc2 Kc4 47. Na3+ Kb3 48. Nb5 a4 49. Ke4 Kb4 50. d5 0-1

[Event "DVM u16 2005"]
[Site "Berlin"]
[Date "2005.12.29"]
[Round "5.4"]
[White "Gerstner, David"]
[Black "Akhundow, Sattar"]
[Result "1/2-1/2"]
[WhiteElo "1129"]
[BlackElo "1455"]
[PlyCount "92"]
[EventDate "1905.??.??"]

1. d4 Nf6 2. Nf3 e6 3. Bg5 d5 4. e3 c5 5. c4 Qa5+ 6. Nbd2 Ne4 7. Bf4 cxd4 8.
exd4 Nxd2 9. Bxd2 Bb4 10. Be2 Nc6 11. a3 Bxd2+ 12. Qxd2 Qxd2+ 13. Kxd2 dxc4 14.
Bxc4 Bd7 15. d5 Na5 16. Ba2 exd5 17. Bxd5 Rd8 18. Kc3 O-O 19. Rhe1 Rc8+ 20. Kb4
Nc6+ 21. Kb3 Rfd8 22. Re3 a5 23. Ka2 b5 24. Rc1 a4 25. Ka1 Na5 26. Rxc8 Rxc8
27. Re1 Be6 28. Rd1 Bxd5 29. Rxd5 Nb3+ 30. Ka2 h6 31. Nd4 Nxd4 32. Rxd4 Rc5 33.
Re4 f5 34. Re2 g5 35. b3 Kf7 36. bxa4 bxa4 37. Kb2 Rb5+ 38. Kc1 Rb3 39. Re3
Rxe3 40. fxe3 Ke6 41. Kd2 Kd5 42. Kd3 h5 43. g3 g4 44. Kd2 Ke4 45. Ke2 Kd5 46.
Kd2 Ke4 1/2-1/2

[Event "DVM u16 2005"]
[Site "Berlin"]
[Date "2005.12.29"]
[Round "6.1"]
[White "Huschenbeth, Niclas"]
[Black "Shmirina, Evgenija"]
[Result "0-1"]
[WhiteElo "2272"]
[BlackElo "2078"]
[PlyCount "66"]
[EventDate "1905.??.??"]

1. e4 d6 2. d4 Nf6 3. Bd3 e5 4. c3 c6 5. Nf3 Qc7 6. O-O Be7 7. Re1 O-O 8. Nbd2
Nbd7 9. a4 a5 10. Nc4 Re8 11. b3 exd4 12. Nxd4 d5 13. exd5 Nxd5 14. Qc2 N7f6
15. Bg5 Bg4 16. Ne3 h6 17. Bxf6 Nxf6 18. Bc4 Bf8 19. h3 Be6 20. Nxe6 fxe6 21.
Ng4 Nxg4 22. Rxe6 Qh2+ 23. Kf1 Rxe6 24. Bxe6+ Kh8 25. hxg4 Qh1+ 26. Ke2 Qxa1
27. Qg6 Qb2+ 28. Kf1 Qc1+ 29. Ke2 Rd8 30. Bf5 Rd2+ 31. Kf3 Qxc3+ 32. Kf4 Rxf2+
33. Ke4 Re2+ 0-1

[Event "DVM u16 2005"]
[Site "Berlin"]
[Date "2005.12.29"]
[Round "6.2"]
[White "Graf, Felix"]
[Black "Moshtael, Wesal"]
[Result "1/2-1/2"]
[WhiteElo "2069"]
[BlackElo "1966"]
[PlyCount "70"]
[EventDate "1905.??.??"]

1. d4 Nf6 2. c4 g6 3. Nc3 Bg7 4. e4 d6 5. f3 O-O 6. Be3 a6 7. Qd2 Nbd7 8. Nge2
c5 9. d5 b5 10. Ng3 Ne5 11. f4 Nxc4 12. Bxc4 bxc4 13. O-O Ng4 14. e5 Rb8 15.
Rab1 Qc7 16. exd6 exd6 17. Kh1 f5 18. Bg1 Re8 19. Rfe1 Bd7 20. h3 Nf6 21. Nf1
h6 22. Ne3 Ne4 23. Nxe4 Rxe4 24. Qc2 Rbe8 25. Bf2 Bd4 26. Qd2 Qb7 27. Nxc4 Qxd5
28. Nb6 Qc6 29. Nxd7 Qxd7 30. Bxd4 Rxd4 31. Rxe8+ Qxe8 32. Qa5 Ra4 33. Qd2 Rd4
34. Qa5 Ra4 35. Qd2 Rd4 1/2-1/2

[Event "DVM u16 2005"]
[Site "Berlin"]
[Date "2005.12.29"]
[Round "6.3"]
[White "Schmidt, Armin"]
[Black "Winkelmann, Elena"]
[Result "1/2-1/2"]
[WhiteElo "1910"]
[BlackElo "2000"]
[PlyCount "38"]
[EventDate "1905.??.??"]

1. Nf3 c5 2. b3 d5 3. Bb2 Nc6 4. e3 Nf6 5. Bb5 Bd7 6. O-O e6 7. Bxc6 Bxc6 8.
Ne5 Qc7 9. f4 Bd6 10. d3 O-O-O 11. Nd2 h5 12. Ndf3 Ng4 13. Nxg4 hxg4 14. Ne5 f5
15. Nxc6 bxc6 16. g3 Rh3 17. Qe2 Qf7 18. Rf2 Rdh8 19. c4 Re8 1/2-1/2

[Event "DVM u16 2005"]
[Site "Berlin"]
[Date "2005.12.29"]
[Round "6.4"]
[White "Rudolf, Sebastian"]
[Black "Wenzel, Birger"]
[Result "1-0"]
[WhiteElo "1901"]
[BlackElo "1672"]
[PlyCount "51"]
[EventDate "1905.??.??"]

1. e4 e6 2. d4 d5 3. Nd2 dxe4 4. Nxe4 Nd7 5. Nf3 Ngf6 6. Nxf6+ Nxf6 7. Bd3 Be7
8. O-O O-O 9. c3 b6 10. Qe2 Bb7 11. Be3 c5 12. Rad1 Qc7 13. Bb1 Rfd8 14. Ne5
Rac8 15. f4 cxd4 16. Bxd4 Bc5 17. f5 Bxd4+ 18. cxd4 Bd5 19. Qf2 Qb7 {(=)} 20.
Qg3 Kh8 21. fxe6 Bxe6 22. Qh4 h6 23. Rxf6 gxf6 24. Qxh6+ Kg8 25. Bh7+ Kh8 26.
Be4+ 1-0

[Event "DVM u16 2005"]
[Site "Berlin"]
[Date "2005.12.29"]
[Round "6.1"]
[White "Bracker, Frank"]
[Black "Zeldin, Leonid"]
[Result "1-0"]
[WhiteElo "1964"]
[BlackElo "1849"]
[PlyCount "29"]
[EventDate "1905.??.??"]

1. e4 e5 2. Nf3 Nc6 3. Bb5 Nf6 4. O-O Nxe4 5. d4 Nd6 6. Bg5 f6 7. dxe5 Nxb5 8.
exf6 gxf6 9. Re1+ Kf7 10. Qd5+ Kg7 11. Bf4 Nd6 12. Qh5 Rg8 13. Re3 Ne7 14. Ng5
h6 15. Ne6+ 1-0

[Event "DVM u16 2005"]
[Site "Berlin"]
[Date "2005.12.29"]
[Round "6.2"]
[White "Heyden, Jonas"]
[Black "Held, Florian"]
[Result "1/2-1/2"]
[WhiteElo "1920"]
[BlackElo "1981"]
[PlyCount "84"]
[EventDate "1905.??.??"]

1. e4 c5 2. Nf3 e6 3. c4 a6 4. Nc3 Qc7 5. Be2 b6 6. O-O d6 7. d4 cxd4 8. Nxd4
Nf6 9. Bg5 Nbd7 10. Rc1 Bb7 11. f3 Be7 12. Kh1 Rc8 13. a3 O-O 14. b4 Qb8 15.
Na4 Bd8 16. Qd2 Bc7 17. Be3 Rfd8 18. Bg1 d5 19. c5 Bf4 20. Be3 Bxe3 21. Qxe3
bxc5 22. bxc5 Ne5 23. Nb6 Rc7 24. Qg5 Nc6 25. Nxc6 Bxc6 26. e5 Nd7 27. Rb1 Qa7
28. Nxd7 Bxd7 29. Rb6 Rxc5 30. Rxa6 Qc7 31. Qe3 Rc8 32. h3 h6 33. a4 Rc2 34.
Bb5 Bxb5 35. axb5 Qc4 36. Rb1 d4 37. Qe4 Re2 38. Rc6 Rxc6 39. Qxc6 Qxc6 40.
bxc6 Rc2 41. Rd1 Rxc6 42. Rxd4 Rc7 {(=)} 1/2-1/2

[Event "DVM u16 2005"]
[Site "Berlin"]
[Date "2005.12.29"]
[Round "6.3"]
[White "Colpe, Malte"]
[Black "Luft, Dennis"]
[Result "1-0"]
[WhiteElo "1937"]
[BlackElo "1837"]
[PlyCount "85"]
[EventDate "1905.??.??"]

1. d4 d5 2. c4 e6 3. Nc3 c6 4. cxd5 exd5 5. Qc2 Bd6 6. Nf3 Nf6 7. Bg5 O-O 8. e3
Re8 9. h3 Nbd7 10. Bd3 h6 11. Bxf6 Nxf6 12. O-O Qe7 13. a3 Ne4 14. b4 Nxc3 15.
Qxc3 a6 16. Rab1 Qf6 17. Nh2 Qh4 18. f4 Kh8 19. Bc2 Qf6 20. Rf3 Bf5 21. Rbf1
Bxc2 22. Qxc2 Qe7 23. Ng4 Qe4 24. Qf2 a5 25. Qh4 Be7 26. Qg3 axb4 27. axb4 Qf5
28. Qh2 Bxb4 29. Nf2 Ra3 30. g4 Qc2 31. Qg3 Bd2 32. Nd1 Qe4 33. Kh1 Qd3 34. f5
Qe4 35. f6 g6 36. g5 h5 37. Nf2 Qe6 38. Ng4 Kg8 39. Ne5 Kf8 40. Nxf7 Qxf7 41.
Qd6+ Kg8 42. Qxa3 Kh7 43. Rd1 1-0